Ancient Egyptian faience : an analytical survey of Egyptian faience from Predynastic to Roman times / (Record no. 38990)
[ view plain ]
| 000 -LEADER | |
|---|---|
| fixed length control field | 01045nam a22002771a 4500 |
| 001 - CONTROL NUMBER | |
| control field | 4719721 |
| 005 - DATE AND TIME OF LATEST TRANSACTION | |
| control field | 20110718132854.0 |
| 008 - FIXED-LENGTH DATA ELEMENTS--GENERAL INFORMATION | |
| fixed length control field | 830330s1983 enka b 001 0 eng |
| 010 ## - LIBRARY OF CONGRESS CONTROL NUMBER | |
| LC control number | 83131882 |
| 020 ## - INTERNATIONAL STANDARD BOOK NUMBER | |
| International Standard Book Number | 0856682217 |
| Terms of availability | £20.00 |
| 035 ## - SYSTEM CONTROL NUMBER | |
| -- | (DLC) 83131882 |
| 040 ## - CATALOGING SOURCE | |
| Original cataloging agency | DLC |
| Transcribing agency | DLC |
| Modifying agency | DLC |
| 043 ## - GEOGRAPHIC AREA CODE | |
| Geographic area code | f-ua--- |
| 050 00 - LIBRARY OF CONGRESS CALL NUMBER | |
| Classification number | TP804.E3 |
| Item number | K33 1983 |
| 082 00 - DEWEY DECIMAL CLASSIFICATION NUMBER | |
| Classification number | TP 804.E3 K33 1983 |
| Edition number | 19 |
| 100 1# - MAIN ENTRY--PERSONAL NAME | |
| Personal name | Kaczmarczyk, Alexander. |
| 245 10 - TITLE STATEMENT | |
| Title | Ancient Egyptian faience : an analytical survey of Egyptian faience from Predynastic to Roman times / |
| Statement of responsibility, etc | Alexander Kaczmarczyk & Robert E.M. Hedges ; with a foreword by P.R.S. Moorey and an appendix by P. Vandiver. |
| Medium | [Text] |
| 260 ## - PUBLICATION, DISTRIBUTION, ETC. (IMPRINT) | |
| Place of publication, distribution, etc | Warminster, England |
| Name of publisher, distributor, etc | Aris & Phillips |
| Date of publication, distribution, etc | c1983 |
| 300 ## - PHYSICAL DESCRIPTION | |
| Extent | 637 p. in various pagings : ill. ; 24 cm. |
| 500 ## - GENERAL NOTE | |
| General note | Includes index. |
| 504 ## - BIBLIOGRAPHY, ETC. NOTE | |
| Bibliography, etc | Includes index. |
| 650 #0 - SUBJECT ADDED ENTRY--TOPICAL TERM | |
| Topical term or geographic name as entry element | Faith movement (Hagin) |
| 700 1# - ADDED ENTRY--PERSONAL NAME | |
| Personal name | Hedges, Robert E. M. |
| 906 ## - LOCAL DATA ELEMENT F, LDF (RLIN) | |
| a | 7 |
| b | cbc |
| c | orignew |
| d | 3 |
| e | ncip |
| f | 19 |
| g | y-gencatlg |
| 991 ## - | |
| -- | c-GenColl |
| -- | TP804.E3 |
| -- | K33 1983 |
| -- | 0005812798A |
| -- | Copy 1 |
| -- | BOOKS |
| Withdrawn status | Lost status | Source of classification or shelving scheme | Damaged status | Not for loan | Collection code | Home library | Current library | Shelving location | Date acquired | Cost, normal purchase price | Total Checkouts | Full call number | Barcode | Date last seen | Copy number | Price effective from | Koha item type |
|---|---|---|---|---|---|---|---|---|---|---|---|---|---|---|---|---|---|
| Library of Congress Classification | General Circulation | AIU/NEGST - Tony Wilmot Memorial Library | AIU/NEGST - Tony Wilmot Memorial Library | General Stacks | 02/12/2010 | 25.00 | TP 804.E3K33 1983 | R56346L3232 | 09/26/2019 | 1 | 02/12/2010 | Africana collection (General) |
